La otra historia de México : (Registro nro. 61888)
[ vista simple ]
| 000 -LEADER | |
|---|---|
| fixed length control field | 01090cam a2200301 i 4500 |
| 001 - CONTROL NUMBER | |
| control field | 61888 |
| 003 - CONTROL NUMBER IDENTIFIER | |
| control field | Mx-PuUPA |
| 005 - DATE AND TIME OF LATEST TRANSACTION | |
| control field | 20230411140709.0 |
| 008 - FIXED-LENGTH DATA ELEMENTS--GENERAL INFORMATION | |
| fixed length control field | 141208s2013 mx gr 000 0 spa d |
| 020 ## - INTERNATIONAL STANDARD BOOK NUMBER | |
| International Standard Book Number | 9786070718892 |
| 040 ## - CATALOGING SOURCE | |
| Original cataloging agency | Mx-PuUPA |
| Language of cataloging | spa |
| Transcribing agency | Mx-PuUPA |
| Modifying agency | Mx-PuUPA |
| Description conventions | rda |
| 041 0# - LANGUAGE CODE | |
| Language code of text/sound track or separate title | spa |
| 100 1# - MAIN ENTRY--PERSONAL NAME | |
| Personal name | Fuentes Aguirre, Armando, |
| Titles and words associated with a name | Catón, |
| Dates associated with a name | 1938- |
| Relator term | autor |
| 9 (RLIN) | 9144 |
| 245 13 - TITLE STATEMENT | |
| Title | La otra historia de México : |
| Remainder of title | la guerra de Dios / |
| Statement of responsibility, etc. | Armando Fuentes Aguirre, Catón |
| 246 14 - VARYING FORM OF TITLE | |
| Title proper/short title | La guerra de Dios : |
| Remainder of title | el conflicto cristero. |
| 250 ## - EDITION STATEMENT | |
| Edition statement | Primera edición / |
| Remainder of edition statement | octubre |
| 264 #1 - PRODUCTION, PUBLICATION, DISTRIBUTION, MANUFACTURE, AND COPYRIGHT NOTICE | |
| Place of production, publication, distribution, manufacture | México, D. F. : |
| Name of producer, publisher, distributor, manufacturer | Editorial Diana, |
| Date of production, publication, distribution, manufacture, or copyright notice | ©2013 |
| 300 ## - PHYSICAL DESCRIPTION | |
| Extent | 396 paginas ; |
| Other physical details | 23 cm |
| 336 ## - CONTENT TYPE | |
| Content type term | texto |
| Fuente | rdacontent |
| Content type code | txt |
| 337 ## - MEDIA TYPE | |
| Media type term | sin medio |
| Source | rdamedia |
| Media type code | n |
| 338 ## - CARRIER TYPE | |
| Carrier type term | volumen |
| Source | rdacarrier |
| Carrier type code | nc |
| 650 #7 - SUBJECT ADDED ENTRY--TOPICAL TERM | |
| Topical term or geographic name entry element | Iglesia y Estado |
| Geographic subdivision | México |
| General subdivision | Historia |
| Source of heading or term | armarc |
| 650 #7 - SUBJECT ADDED ENTRY--TOPICAL TERM | |
| Topical term or geographic name entry element | Rebelión Cristera, |
| Chronological subdivision | 1926 - 1929 |
| Source of heading or term | armarc |
| 650 #7 - SUBJECT ADDED ENTRY--TOPICAL TERM | |
| Topical term or geographic name entry element | Conflicto religioso y rebelión cristera, |
| Chronological subdivision | 1926 - 1929 |
| Source of heading or term | armarc |
| 942 ## - ADDED ENTRY ELEMENTS (KOHA) | |
| Source of classification or shelving scheme | Dewey Decimal Classification |
| Koha item type | Libro |
| Classification part | 972.0622 |
| Item part | F953 |
| Withdrawn status | Lost status | Source of classification or shelving scheme | Damaged status | Not for loan | Collection code | Home library | Current library | Shelving location | Date acquired | Source of acquisition | Total Checkouts | Full call number | Barcode | Date last seen | Date last checked out | Price effective from | Koha item type | Total Renewals |
|---|---|---|---|---|---|---|---|---|---|---|---|---|---|---|---|---|---|---|
| Dewey Decimal Classification | General | Biblioteca Karol Wojtyla | Biblioteca Karol Wojtyla | Sala general | 27/05/2015 | Compra | 972.0622 FUE 2013 | 91649 | 05/01/2026 | 14/05/2018 | 19/10/2015 | Libro | ||||||
| Dewey Decimal Classification | General | Biblioteca Karol Wojtyla | Biblioteca Karol Wojtyla | Sala general | 19/10/2015 | Compra | 1 | 972.0622 FUE 2013 | 91650 | 05/01/2026 | 22/04/2019 | 19/10/2015 | Libro | 2 | ||||
| Dewey Decimal Classification | General | Tehuacán | Tehuacán | Sala general | 08/12/2014 | Compra | 1 | 972.0622 F953 2013 | 968000001362 | 10/01/2025 | 07/01/2025 | 29/05/2015 | Libro |